MARC

LEADER 00000nam0a2200000 4500
001 70275
005 20231031081328.0
010 |a 5222025179 
035 |a (RuTPU)RU\TPU\book\74818 
090 |a 70275 
100 |a 20041118d2003 m y0rusy50 ca 
101 0 |a rus 
102 |a RU 
105 |a y j 001zy 
200 1 |a Безопасность жизнедеятельности  |e учебное пособие  |f Т. А. Хван, П. А. Хван 
205 |a 4-е изд., перераб. и доп. 
210 |a Ростов-на-Дону  |c Феникс  |d 2003 
215 |a 416 с. 
225 1 |a Учебники и учебные пособия 
320 |a Библиогр.: с. 412-413 
451 1 |0 (RuTPU)RU\TPU\book\50112  |y 5-222-02517-9  |t Безопасность жизнедеятельности  |o учебное пособие  |f Т. А. Хван, П. А. Хван  |e 3-е изд., перераб. и доп.  |c Ростов-на-Дону  |n Феникс  |d 2002  |p 416 с.  |a Хван, Татьяна Александровна 
451 1 |0 (RuTPU)RU\TPU\book\112557  |y 5-222-07096-4  |t Безопасность жизнедеятельности  |o учебное пособие для вузов  |f Т. А. Хван, П. А. Хван  |e 5-е изд., перераб. и доп.  |c Ростов-на-Дону  |n Феникс  |d 2005  |p 416 с.  |s Высшее образование  |a Хван, Татьяна Александровна 
610 1 |a жизнедеятельность 
610 1 |a безопасность 
610 1 |a управление 
610 1 |a человек 
610 1 |a среда обитания 
610 1 |a негативные факторы 
610 1 |a технические системы 
610 1 |a экологичность 
610 1 |a чрезвычайные ситуации 
610 1 |a мирное время 
610 1 |a военное время 
610 1 |a первая медицинская помощь 
610 1 |a учебные пособия 
675 |a 614.8(075.8)  |v 3 
700 1 |a Хван  |b Т. А.  |g Татьяна Александровна 
701 1 |a Хван  |b П. А.  |g Петр Александрович 
801 1 |a RU  |b 63413507  |c 20041118  |g PSBO 
801 2 |a RU  |b 63413507  |c 20070426  |g PSBO 
900 |a Безопасность жизнедеятельности 
942 |c BK 
952 |a 511100